[Event "Winter Open"]
[Site "Stillwater USA"]
[Date "2009.02.16"]
[Round "6"]
[White "Yermolinsky,A"]
[Black "Baginskaite,C"]
[Result "1/2-1/2"]
[WhiteElo "2518"]
[BlackElo "2309"]

1.d4 Nf6 2.c4 e6 3.Nf3 d5 4.g3 dxc4 5.Bg2 c5 6.O-O Nc6 7.dxc5 Qxd1 8.Rxd1 Bxc5
9.Nbd2 c3 10.bxc3 Bd7 11.Nb3 Be7 12.c4 O-O 13.Bb2 Rfd8 14.Ne5 Rac8 15.Nxc6 Bxc6
16.Bxc6 Rxc6 17.Na5 Rc7 18.Be5  1/2-1/2

[Event "27th NAO OCF FIDE Open"]
[Site "Stillwater USA"]
[Date "2009.05.23"]
[Round "1"]
[White "Dennison,B"]
[Black "Yermolinsky,A"]
[Result "0-1"]
[WhiteElo "1956"]
[BlackElo "2522"]

1.e4 c5 2.Nf3 d6 3.Nc3 Nc6 4.d4 cxd4 5.Nxd4 Nf6 6.f3 e5 7.Bb5 exd4 8.Qxd4 Be7
9.Nd5 O-O 10.Bxc6 bxc6 11.Nxe7+ Qxe7 12.Bg5 Qe5 13.Bxf6 Qxf6 14.O-O-O Rd8
15.g3 Be6 16.f4 Qxd4 17.Rxd4 f5  0-1

[Event "27th NAO OCF FIDE Open"]
[Site "Stillwater USA"]
[Date "2009.05.23"]
[Round "2"]
[White "Yermolinsky,A"]
[Black "Wharry,S"]
[Result "1-0"]
[WhiteElo "2522"]
[BlackElo "2071"]

1.d4 e6 2.Nf3 d5 3.c4 Nf6 4.Nc3 c6 5.Bg5 Nbd7 6.e3 Qa5 7.cxd5 Nxd5 8.Qd2 Bb4
9.Rc1 N7b6 10.a3 Bxc3 11.bxc3 Qxa3 12.e4 Ne7 13.Bd3 Ng6 14.O-O f6 15.Be3 Qe7
16.Qa2 Nd7 17.Bc4 Kf7 18.Nd2 Re8 19.f4 Kg8 20.f5 Ngf8 21.fxe6 Nb6 22.d5 Nxc4
23.Qxc4 cxd5 24.exd5 Nxe6 25.dxe6 Bxe6 26.Qf4 Bd5 27.Bd4 a5 28.Qg3 Kh8 29.Rf5 Qf7
30.Rcf1 Ra6 31.Nf3 Bc4 32.Ne5 Rxe5 33.Rxe5 Bxf1 34.Re7 Qg8 35.Kxf1 b5 36.Qd3 Qb8
37.Qe4 Ra8 38.Bxf6  1-0

[Event "27th NAO OCF FIDE Open"]
[Site "Stillwater USA"]
[Date "2009.05.24"]
[Round "3"]
[White "Long,J"]
[Black "Yermolinsky,A"]
[Result "0-1"]
[WhiteElo "2019"]
[BlackElo "2522"]

1.e4 c5 2.Nf3 d6 3.d3 Nc6 4.g3 g6 5.Bg2 Bg7 6.O-O e5 7.Nbd2 Nge7 8.c3 O-O
9.Nb3 f5 10.exf5 Bxf5 11.Bg5 h6 12.Be3 Rf7 13.Qd2 Qf8 14.Nh4 Be6 15.Be4 g5
16.Ng6 Nxg6 17.Bxg6 Rf6 18.Be4 Qf7 19.c4 Rf8 20.Na5 Nd8 21.b4 Qc7 22.Nb3 b6
23.a4 Bh3 24.Rfb1 Ne6 25.a5 Bg4 26.axb6 axb6 27.bxc5 dxc5 28.Ra2 Nf4 29.f3 Nh3+
30.Kg2 Bxf3+ 31.Bxf3 Rxf3 32.Kxh3 Qc6 33.Bxg5 hxg5 34.Qxg5 R3f5  0-1

[Event "27th NAO OCF FIDE Open"]
[Site "Stillwater USA"]
[Date "2009.05.24"]
[Round "4"]
[White "Yermolinsky,A"]
[Black "Braunlich,T"]
[Result "1-0"]
[WhiteElo "2522"]
[BlackElo "2173"]

1.d4 Nf6 2.c4 g6 3.Nc3 Bg7 4.e4 d6 5.h3 O-O 6.Bg5 Na6 7.Bd3 Qe8 8.Nge2 e5
9.d5 c6 10.Ng3 h6 11.Be3 Kh8 12.Qd2 Ng8 13.O-O f5 14.exf5 gxf5 15.f4 e4 16.Be2 c5
17.Nh5 Rf7 18.g4 Qf8 19.Rf2 Bd7 20.Rg2 Re8 21.Kh2 Nf6 22.g5 hxg5 23.Rxg5 Nh7
24.Rg6 Qe7 25.Rag1 Rg8 26.Nd1 Nc7 27.Qa5 Ne8 28.Qxa7 Bc8 29.b4 Nf8 30.R6g3 cxb4
31.Qb6 Nd7 32.Qxb4 Ndf6 33.Qe1 Bh6 34.Bd4  1-0

[Event "Copper State Int"]
[Site "Mesa USA"]
[Date "2009.05.30"]
[Round "3"]
[White "Yermolinsky,A"]
[Black "Izoria,Z"]
[Result "1/2-1/2"]
[WhiteElo "2522"]
[BlackElo "2619"]

1.d4 d5 2.c4 c6 3.Nf3 Nf6 4.Nc3 a6 5.a4 e6 6.Bg5 Nbd7 7.e3 Qa5 8.cxd5 Nxd5
9.e4 Nxc3 10.bxc3 Nf6 11.Bd3 Qxc3+ 12.Ke2 Qa5 13.Qc2 Be7 14.h3 Nxe4 15.Bxe4 Bxg5
16.Bxc6+ Ke7 17.Be4 Bf6 18.Rab1 Rb8 19.Qc5+ Qxc5 20.dxc5 Bd7 21.Rxb7 Rxb7
22.Bxb7 Bxa4 23.Bxa6  1/2-1/2

[Event "Copper State Int"]
[Site "Mesa USA"]
[Date "2009.05.31"]
[Round "4"]
[White "Esserman,M"]
[Black "Yermolinsky,A"]
[Result "1/2-1/2"]
[WhiteElo "2391"]
[BlackElo "2522"]

1.e4 Nf6 2.e5 Nd5 3.c4 Nb6 4.d4 d6 5.f4 dxe5 6.fxe5 c5 7.d5 e6 8.Nc3 exd5
9.cxd5 c4 10.d6 Be6 11.Nf3 Nc6 12.Be2 Nd7 13.Qa4 a6 14.Bf4 g6 15.Ng5 b5 16.Nxe6 fxe6
17.Qc2 Bg7 18.O-O O-O 19.Bg4 Kh8 20.Qd2 Ncxe5  1/2-1/2

[Event "Copper State Int"]
[Site "Mesa USA"]
[Date "2009.06.01"]
[Round "6"]
[White "Ippolito,D"]
[Black "Yermolinsky,A"]
[Result "1/2-1/2"]
[WhiteElo "2443"]
[BlackElo "2522"]

1.d4 Nf6 2.c4 g6 3.Nf3 Bg7 4.g3 c5 5.Bg2 Qa5+ 6.Nc3 Ne4 7.Qd3 cxd4 8.Nxd4 Nc5
9.Qd1 Nc6 10.Be3 Ne6 11.Nxe6 dxe6 12.O-O O-O 13.Qb3 Nd4 14.Bxd4 Bxd4 15.Rfd1 Bg7
16.Rac1 Rb8 17.c5 Be5 18.e3 a6 19.Rc2 Rd8 20.Rxd8+ Qxd8 21.Qb6 Qxb6 22.cxb6 Bd7
23.Ne4 Bc6 24.f4 Bxe4 25.Bxe4 Bd6 26.Bf3 e5 27.Kf2 Kg7 28.Rc4 exf4 29.gxf4 a5
30.Ke2 e5 31.fxe5 Bxe5 32.Rc5 Re8 33.Rxa5 Bd4 34.Ra3 Bxb6 35.Bxb7 Rb8 36.Bd5 Bc5
37.Rb3 Rxb3 38.Bxb3 Bd6 39.h3  1/2-1/2

[Event "110th US Open"]
[Site "Indianapolis USA"]
[Date "2009.08.02"]
[Round "2"]
[White "Hall,B"]
[Black "Yermolinsky,A"]
[Result "0-1"]
[WhiteElo "2002"]
[BlackElo "2527"]


1.Nf3 g6 2.c4 Bg7 3.Nc3 c5 4.g3 Nc6 5.Bg2 e5 6.d3 Nge7 7.O-O d6 8.Rb1 O-O
9.a3 a5 10.Ne1 Be6 11.Nd5 Rb8 12.Bg5 f6 13.Bd2 b5 14.b4 axb4 15.axb4 cxb4
16.Nxe7+ Nxe7 17.cxb5 b3 18.Rxb3 Bxb3 19.Qxb3+ Kh8 20.Nc2 d5 21.Ra1 f5 22.Ra6 Qd7
23.b6 Rfc8 24.Ne3 e4 25.Qa3 Qb5 26.Ra7 Nc6 27.Rxg7 Kxg7 28.Qd6 Rd8 29.Qc7+ Kg8
30.Nf1 Qxb6 31.Qf4 Nd4  0-1

[Event "110th US Open"]
[Site "Indianapolis USA"]
[Date "2009.08.04"]
[Round "4"]
[White "Yanayt,E"]
[Black "Yermolinsky,A"]
[Result "1/2-1/2"]
[WhiteElo "2180"]
[BlackElo "2527"]


1.e4 c5 2.Nf3 d6 3.d4 cxd4 4.Nxd4 Nf6 5.Nc3 Nc6 6.Bg5 e6 7.Qd2 Be7 8.O-O-O Nxd4
9.Qxd4 a6 10.Kb1 b5 11.f3 O-O 12.h4 Bb7 13.g4 Rc8 14.h5 Nxe4 15.Nxe4 Bxg5
16.h6 e5 17.Qd3 Bxe4 18.Qxe4 g6 19.a4 Qb6 20.axb5 axb5 21.Qd5 Ra8 22.Bxb5 Ra5
23.c4 Rfa8 24.Rh2 Qe3 25.Kc2 Qf4  1/2-1/2

[Event "110th US Open"]
[Site "Indianapolis USA"]
[Date "2009.08.05"]
[Round "5"]
[White "Yermolinsky,A"]
[Black "Adams,N"]
[Result "1-0"]
[WhiteElo "2527"]
[BlackElo "2211"]


1.Nf3 d5 2.d4 e6 3.c4 c5 4.cxd5 exd5 5.g3 Nc6 6.Bg2 Nf6 7.O-O cxd4 8.Nxd4 Be7
9.Nxc6 bxc6 10.Qc2 Bd7 11.Be3 O-O 12.Nd2 Qc8 13.Rfc1 Re8 14.Nb3 Bd8 15.Bd4 Ne4
16.e3 Bb6 17.Nd2 Ng5 18.Nf3 Nxf3+ 19.Bxf3 Bxd4 20.exd4 Qd8 21.Re1 Qb6 22.Qc3 h6
23.b3 Rxe1+ 24.Rxe1 Re8 25.Rxe8+ Bxe8 26.Qc5 Qxc5 27.dxc5 Kf8 28.Kf1 Ke7
29.Ke2 f6 30.Kd3 Kd7 31.b4 Bg6+ 32.Kc3 Be8 33.Be2 Kc7 34.a4 Bd7 35.Bd3 Be8
36.Kd4 Bf7 37.f4 Be6 38.b5 Bf7 39.a5 cxb5 40.Bxb5 Be6 41.Be8 Kb7 42.Bg6 Kc7
43.f5 Bg8 44.h3 Kd7 45.Bh5 Kc7 46.Be8 Kb7 47.Bd7 Bf7 48.Be6 Be8 49.Kxd5 Kc7
50.Bg8 Bd7 51.Bh7 Bc8 52.h4 Bd7 53.Bg6 Bc8 54.c6 Ba6 55.Ke6 Bc4+ 56.Ke7 Kxc6
57.Kf8 Kb5 58.Kxg7 Kxa5 59.Kxf6 Kb4 60.Kg7 a5 61.f6 a4 62.f7  1-0

[Event "110th US Open"]
[Site "Indianapolis USA"]
[Date "2009.08.07"]
[Round "7"]
[White "Hilton,J"]
[Black "Yermolinsky,A"]
[Result "1/2-1/2"]
[WhiteElo "2272"]
[BlackElo "2527"]


1.Nf3 d5 2.d4 c6 3.c4 e6 4.Qc2 Nf6 5.g3 dxc4 6.Qxc4 b5 7.Qd3 Bb7 8.Bg2 Nbd7
9.O-O a6 10.Rd1 c5 11.Nc3 Be7 12.Bg5 h6 13.Bxf6 Nxf6  1/2-1/2

[Event "110th US Open"]
[Site "Indianapolis USA"]
[Date "2009.08.08"]
[Round "8"]
[White "Burnett,R"]
[Black "Yermolinsky,A"]
[Result "1/2-1/2"]
[WhiteElo "2368"]
[BlackElo "2527"]


1.e4 c6 2.d4 d5 3.Nd2 dxe4 4.Nxe4 Nd7 5.Nf3 Ngf6 6.Nxf6+ Nxf6 7.Bc4 g6 8.O-O Bg7
9.Re1 O-O 10.Bg5 Bg4 11.c3 Qa5 12.Bxf6 Bxf6 13.h3 Bxf3 14.Qxf3  1/2-1/2

[Event "110th US Open"]
[Site "Indianapolis USA"]
[Date "2009.08.09"]
[Round "9"]
[White "Yermolinsky,A"]
[Black "Bercys,S"]
[Result "1-0"]
[WhiteElo "2527"]
[BlackElo "2434"]


1.d4 d5 2.c4 e6 3.Nc3 c6 4.Nf3 dxc4 5.a4 Bb4 6.e3 b5 7.Bd2 a5 8.axb5 Bxc3
9.Bxc3 cxb5 10.b3 Bb7 11.bxc4 b4 12.Bb2 Nf6 13.Bd3 Nbd7 14.O-O O-O 15.Re1 Qc7
16.e4 e5 17.c5 exd4 18.Rc1 Ne5 19.Nxe5 Qxe5 20.c6 Bc8 21.Bc4 Rd8 22.c7 Qxc7
23.e5 Ng4 24.Bd5 Qb8 25.Rxc8 Qxc8 26.Bxa8 Nxf2 27.Qf3 d3 28.Kxf2 Qc2+ 29.Kf1 d2
30.Rd1 Qxb2 31.Bd5 Kh8 32.Qxf7 Qd4 33.Bf3 Qxe5 34.Rxd2 Qa1+ 35.Bd1 Rb8 36.Kf2 h6
37.Bc2 Qc3 38.Re2 Qc5+ 39.Kg3 Qd6+ 40.Kh3 Qd8 41.Qf5 Qg8 42.Re6 Ra8 43.Be4  1-0

[Event "ch-USA"]
[Site "Saint Louis USA"]
[Date "2010.05.17"]
[Round "4"]
[White "Yermolinsky,A"]
[Black "Kudrin,S"]
[Result "1-0"]
[WhiteElo "2528"]
[BlackElo "2571"]

1.Nf3 c5 2.c4 Nc6 3.d4 cxd4 4.Nxd4 Nf6 5.Nc3 e6 6.g3 Qb6 7.Ndb5 Ne5 8.Bg2 a6
9.Qa4 Rb8 10.Na3 Bc5 11.O-O O-O 12.Rb1 Be7 13.Bf4 d6 14.b4 Bd7 15.Qb3 Qc7
16.c5 b5 17.Bxe5 dxe5 18.Nc2 Bc6 19.Bxc6 Qxc6 20.Rfd1 h5 21.h4 Ng4 22.f3 Nf6
23.Rd3 Rfd8 24.Rbd1 e4 25.fxe4 Nxe4 26.Rxd8+ Rxd8 27.Rxd8+ Bxd8 28.Nxe4 Qxe4
29.Qd3 Qxd3 30.exd3 Kf8 31.Kf2 Ke8 32.Nd4 Kd7 33.Nf3 f6 34.Nd4 Bc7 35.Kf3 g6
36.Ne2 Ke7 37.Nf4 Kf7 38.d4 Bb8 39.Ke4 e5 40.dxe5 Bxe5 41.Kd5 Bb8 42.Kc6 Bxf4
43.gxf4 g5 44.fxg5 fxg5 45.hxg5 h4 46.Kb6 h3 47.c6 h2 48.c7 h1=Q 49.c8=Q Qb1
50.Qc3 Kg6 51.Qf6+ Kh5 52.a3 Qd3 53.g6 Qxa3 54.g7 Qa2 55.Qc6 Qg8 56.Kxa6 Kg5
57.Kxb5 Kf5 58.Kc5 Kf4 59.Qd6+ Kg4 60.Qf8  1-0

[Event "ch-USA"]
[Site "Saint Louis USA"]
[Date "2010.05.22"]
[Round "8"]
[White "Kraai,J"]
[Black "Yermolinsky,A"]
[Result "1/2-1/2"]
[WhiteElo "2492"]
[BlackElo "2528"]

1.Nf3 Nf6 2.c4 g6 3.Nc3 d5 4.cxd5 Nxd5 5.h4 h6 6.e4 Nxc3 7.dxc3 Qxd1+ 8.Kxd1 Bg7
9.Bf4 c6 10.Kc2 O-O 11.Bc4 Nd7 12.Nd2 b5 13.Be2 Nb6 14.g4 Be6 15.g5 h5 16.Be3 Na4
17.a3 a5 18.Bd4 Bxd4 19.cxd4 Rfd8 20.Nf3 Bg4 21.Rhd1 Nb6 22.Rd3 Rac8 23.Re1 c5
24.d5 c4 25.Rdd1 Bxf3 26.Bxf3 e5 27.dxe6 fxe6 28.Bg2 e5 29.f4 exf4 30.Bh3 Rxd1
31.Rxd1 Rc6 32.e5 Kf7 33.Rd4 Ke7 34.Rxf4 Nd7 35.Bxd7 Kxd7 36.Kc3 Ke7 37.Rf6 Rc5
38.Kd4 Rc8 39.Rb6 Rd8+ 40.Kc5 Rd2 41.Rxb5 Ke6 42.Kxc4 Rh2 43.Rxa5 Rxh4+ 44.Kc5 Re4
45.Ra6+ Kf5 46.Rf6+ Kxg5 47.Kd5 Re1 48.b4 h4 49.Rf8 Rd1+ 50.Kc6 Rc1+ 51.Kd6 Rd1+
52.Kc6 Rc1+ 53.Kb6 h3 54.Rh8 Kg4 55.a4 Rc4 56.b5  1/2-1/2

[Event "ch-USA"]
[Site "Saint Louis USA"]
[Date "2010.05.23"]
[Round "9"]
[White "Hess,Ro"]
[Black "Yermolinsky,A"]
[Result "1/2-1/2"]
[WhiteElo "2590"]
[BlackElo "2528"]

1.e4 c5 2.Nf3 d6 3.d4 cxd4 4.Nxd4 Nf6 5.Nc3 e6 6.Bg5 Be7 7.Qd2 a6 8.O-O-O b5
9.a3 Bb7 10.f3 Nbd7 11.h4 Rc8 12.g4 Ne5 13.Bxf6 gxf6 14.g5 Qb6 15.Kb1 Rg8
16.f4 Nc4 17.Bxc4 Rxc4 18.Qd3 h6 19.gxh6 Rh8 20.Rhg1 Rxh6 21.e5 Rxd4 22.Qxd4 Qxd4
23.Rxd4 dxe5 24.Rg8+ Bf8 25.fxe5 fxe5 26.Rd6 Rxh4 27.Rb6 Bc8 28.Rb8 Rc4 29.Ne4 Ke7
30.Nd6 Kxd6 31.Rxf8 Bd7 32.Rxf7 Rf4 33.Rbf8 Rf5 34.Kc1 e4 35.Kd2 Ke5 36.Ke2 Bc6
37.b3 Bd5 38.Rxf5+ exf5 39.Re8+ Be6 40.c4 bxc4 41.bxc4 f4 42.c5 Kd5 43.c6 Bg4+
44.Ke1 Kxc6 45.Rxe4 a5 46.Kd2 Kb5 47.Rxf4 Be6 48.a4+ Kc5 49.Kc3 Bd7 50.Rc4+ Kd5
51.Rd4+ Kc6 52.Rd1 Kc7 53.Ra1 Kd6 54.Kc4 Kc6 55.Rc1 Kb6 56.Rb1+ Kc7 57.Ra1 Kc6
58.Rh1 Kb6 59.Rh6+ Bc6 60.Rg6 Kc7 61.Kb3 Kb6 62.Rg4 Kc5 63.Kc3 Bd7 64.Rc4+ Kd5
65.Rd4+ Kc6 66.Kd3 Bf5+ 67.Ke3 Kc5 68.Rh4 Bd7 69.Rf4 Bc6 70.Kd3 Kb6 71.Rc4 Bd5
72.Rd4 Kc5 73.Rg4 Bc6 74.Rc4+ Kd5 75.Kc3 Bd7 76.Kb3 Bc6 77.Rc1 Kd6 78.Rc2 Kd5
79.Ka3 Kd6 80.Rb2 Kc7 81.Rb1 Bd7 82.Kb3 Bc6 83.Ra1 Kd6 84.Kc4 Be8 85.Rd1+ Kc7
86.Kb3 Bc6 87.Rd4 Kb6 88.Kc3 Kc5 89.Rc4+ Kd6 90.Kd4 Bd7 91.Ke4 Bc6+ 92.Kf5 Kd5
93.Rh4 Bd7+ 94.Kf6 Bc6 95.Ke7 Kc5 96.Ke6 Be8 97.Ke7 Bc6 98.Kd8  1/2-1/2

[Event "30th NAO Open"]
[Site "Stillwater USA"]
[Date "2011.05.27"]
[Round "3.2"]
[White "Yermolinsky,A"]
[Black "Fast,Nathaniel S"]
[Result "1-0"]
[WhiteElo "2530"]
[BlackElo "2131"]

1.Nf3 c5 2.c4 g6 3.e4 Bg7 4.d4 cxd4 5.Nxd4 Nc6 6.Be3 Nf6 7.Nc3 Ng4 8.Qxg4 Nxd4
9.Qd1 Ne6 10.Rc1 Qa5 11.Bd3 b6 12.O-O Bb7 13.f4 O-O 14.a3 Bd4 15.Bxd4 Nxd4
16.Nd5 Bxd5 17.exd5 Qc5 18.b4 Qd6 19.Bxg6 Ne2+ 20.Qxe2 hxg6 21.f5 a5 22.Qe4 axb4
23.axb4 Ra4 24.Qf3 Qf6 25.Qb3 Rfa8 26.fxg6 Qd4+ 27.Kh1 fxg6 28.Qh3 Ra1 29.Qxd7 Rxc1
30.Rxc1 Qxc4 31.Qc6 Qxc6 32.dxc6 b5 33.c7 Rc8 34.h4 Kf7 35.g4 Ke8 36.h5 gxh5
37.gxh5 Kf7 38.Kg2 Kf6 39.Kf3 e5 40.Ke4  1-0

[Event "30th NAO Open"]
[Site "Stillwater USA"]
[Date "2011.05.28"]
[Round "4.1"]
[White "Atalik,S"]
[Black "Yermolinsky,A"]
[Result "1/2-1/2"]
[WhiteElo "2616"]
[BlackElo "2530"]

1.d4 Nf6 2.c4 e6 3.Nc3 Bb4 4.e3 d5 5.a3 Be7 6.Nf3 O-O 7.b4 a5 8.b5 c5 9.dxc5 Bxc5
10.Bb2 b6 11.cxd5 exd5 12.Bd3 Bb7 13.Na4 Nbd7 14.Nxc5 bxc5 15.a4 Ne4 16.O-O Ndf6
17.Ne5 Rc8 18.f3 c4 19.fxe4 cxd3 20.Nxd3 Nxe4 21.Qg4 f6 22.Qe6+ Kh8 23.Bd4 Re8
24.Qb6 Qxb6 25.Bxb6 Nd2 26.Rfc1 Nb3 27.Rxc8 Rxc8 28.Ra3 Rc3 29.Nf4 Rc1+ 30.Kf2 Nd2
31.Bxa5 Nc4 32.Rc3 Ra1 33.Bc7 Rxa4 34.Rc2 Rb4 35.b6 Nxb6 36.Bxb6 Rxb6 37.Rc7 Kg8
38.g4 Ba6 39.Nxd5 Rb7 40.Rxb7  1/2-1/2

[Event "30th NAO Open"]
[Site "Stillwater USA"]
[Date "2011.05.28"]
[Round "5.1"]
[White "Yermolinsky,A"]
[Black "Langer,M USA"]
[Result "1-0"]
[WhiteElo "2530"]
[BlackElo "2267"]

1.d4 Nf6 2.c4 c5 3.d5 e6 4.Nc3 exd5 5.cxd5 d6 6.Nf3 g6 7.Bf4 Bg7 8.Qa4+ Bd7
9.Qb3 Qc7 10.e4 O-O 11.Nd2 Re8 12.Be2 Na6 13.O-O Rab8 14.Rfe1 b5 15.Nxb5 Qd8
16.Bxd6 Rxb5 17.Bxb5 Bxb5 18.e5 Bh6 19.Qxb5 Bxd2 20.Red1 Ne4 21.Qxa6 Qh4
22.g3 Qh5 23.Qd3  1-0

[Event "30th NAO Open"]
[Site "Stillwater USA"]
[Date "2011.05.29"]
[Round "7.1"]
[White "Yermolinsky,A"]
[Black "Braunlich,T"]
[Result "1-0"]
[WhiteElo "2530"]
[BlackElo "2220"]

1.d4 Nf6 2.c4 g6 3.Nc3 Bg7 4.e4 d6 5.Bg5 O-O 6.h3 Na6 7.Bd3 e5 8.d5 Qe8 9.Nge2 Nd7
10.a3 f5 11.b4 Nf6 12.Qd2 Nh5 13.Rc1 f4 14.f3 Bf6 15.Bxf6 Rxf6 16.c5 dxc5
17.Bxa6 Rxa6 18.bxc5 Rxa3 19.O-O b6 20.d6 c6 21.Rfd1 Bd7 22.Nd5 cxd5 23.Qxd5+ Be6
24.Qxe5 bxc5 25.Rxc5 Rc8 26.Rc7 Ra6 27.Re7 Qxe7 28.dxe7 Rac6 29.Nxf4 Nxf4
30.Rd8+  1-0

[Event "30th NAO Open"]
[Site "Stillwater USA"]
[Date "2011.05.29"]
[Round "9.2"]
[White "Yermolinsky,A"]
[Black "Patton,T"]
[Result "1-0"]
[WhiteElo "2530"]
[BlackElo "2074"]

1.Nf3 Nf6 2.c4 g6 3.Nc3 d5 4.cxd5 Nxd5 5.h4 h6 6.e4 Nxc3 7.dxc3 Qd6 8.Be3 Nc6
9.Qa4 Bd7 10.Rd1 Ne5 11.Bb5 Nxf3+ 12.gxf3 Bxb5 13.Qxb5+ Qc6 14.Qxc6+ bxc6
15.Rd4 e5 16.Ra4 a6 17.f4 Bd6 18.fxe5 Bxe5 19.Ke2 f6 20.f4 Bd6 21.e5 fxe5
22.fxe5 Be7 23.Rc4 Rb8 24.b4 a5 25.a3 axb4 26.axb4 Rb5 27.Rxc6 Kd7 28.Rxg6 Rxe5
29.Kd3 Rh5 30.Rg7 Rd8 31.Bd4 Kd6 32.Kc2 Bg5 33.Rd1 Bxh4 34.Bf6+ Rd5 35.Rxd5+ Kxd5  1-0

[Event "30th NAO Open"]
[Site "Stillwater USA"]
[Date "2011.05.30"]
[Round "10.2"]
[White "Wawrzaszek,J"]
[Black "Yermolinsky,A"]
[Result "0-1"]
[WhiteElo "1987"]
[BlackElo "2530"]

1.e4 c5 2.Nf3 d6 3.d4 cxd4 4.Nxd4 Nf6 5.Nc3 Nc6 6.Bc4 Qb6 7.Ndb5 Ne5 8.Be3 Qa5
9.Bb3 a6 10.Nd4 Nxe4 11.O-O Nxc3 12.Qd2 g6 13.Rae1 Bg7 14.Bg5 e6 15.f4 O-O
16.fxe5 dxe5 17.Nf3 e4 18.Nd4 Bxd4+ 19.Qxd4 Qxg5 20.bxc3 b5 21.Qxe4 Rb8 22.h4 Qc5+
23.Re3 Bb7 24.Qf4 Rbd8 25.Kh1 Qf5 26.Qxf5 gxf5 27.Rd3 Be4 28.Rd4 Rxd4 29.cxd4 Rc8
30.a3 a5 31.a4 bxa4 32.Bxa4 Rc4  0-1

[Event "30th NAO Open"]
[Site "Stillwater USA"]
[Date "2011.05.30"]
[Round "11.2"]
[White "Schuller,JohnJ"]
[Black "Yermolinsky,A"]
[Result "0-1"]
[WhiteElo "1916"]
[BlackElo "2530"]

1.c4 g6 2.g3 Bg7 3.Bg2 c5 4.Nc3 Nc6 5.d3 Nf6 6.Nf3 O-O 7.O-O Rb8 8.Rb1 a6
9.Bf4 d6 10.a3 b5 11.b4 bxc4 12.bxc5 Rxb1 13.Nxb1 cxd3 14.Qxd3 e5 15.Bg5 e4
16.Bxf6 exd3 17.Bxd8 dxe2 18.Re1 Rxd8 19.cxd6 Bf5 20.Nfd2 Rxd6 21.Rxe2 Bxb1
22.Bxc6 Rxc6 23.Re8+ Bf8  0-1

[Event "Chess.com GM Challenge"]
[Site "Tonto Village USA"]
[Date "2011.06.04"]
[Round "1"]
[White "Yermolinsky,A"]
[Black "Pruess,D"]
[Result "1-0"]
[WhiteElo "2530"]
[BlackElo "2358"]

1.d4 Nf6 2.c4 e6 3.Nf3 b6 4.g3 Ba6 5.Nbd2 d5 6.cxd5 exd5 7.Bg2 Bd6 8.O-O O-O
9.Ne5 Re8 10.Ndc4 Bf8 11.Bf4 Nh5 12.Ne3 c6 13.Qc2 g5 14.Nxf7 Kxf7 15.Qxh7+ Ng7
16.Be5 Nd7 17.f4 g4 18.Nxg4 Re6 19.f5 Rf6 20.Bxf6 Nxf6 21.Qg6+  1-0

[Event "Chess.com GM Challenge"]
[Site "Tonto Village USA"]
[Date "2011.06.04"]
[Round "2"]
[White "Rensch,D"]
[Black "Yermolinsky,A"]
[Result "1-0"]
[WhiteElo "2406"]
[BlackElo "2530"]

1.e4 c6 2.d4 d5 3.e5 Bf5 4.h4 Qb6 5.Nc3 h5 6.Nge2 g6 7.Ng3 Nh6 8.a3 e6 9.Be2 Be7
10.Na4 Qd8 11.Nc5 b6 12.Nb7 Qc7 13.Nd6+ Bxd6 14.exd6 Qxd6 15.Bg5 Ng4 16.Qd2 Nd7
17.Bf4 e5 18.Nxf5 gxf5 19.dxe5 Ngxe5 20.O-O-O Nc5 21.Rhe1 f6 22.Bd3 Nxd3+
23.Qxd3 O-O-O 24.Qxf5+ Kb7 25.g3 Rdf8 26.Rd2 b5 27.Bxe5 fxe5 28.Qxe5 Qxe5
29.Rxe5 a5 30.Rde2 b4 31.a4 Rf3 32.b3 Kb6 33.Kd2 Rh6 34.Ke1 Kc5 35.R2e3 Rxe3+
36.fxe3 Kd6 37.Rg5 c5 38.Ke2 Re6 39.Kd3 Re5 40.Rg8 c4+ 41.bxc4 dxc4+ 42.Kxc4 Rxe3
43.Kb5 b3 44.cxb3 Rxb3+ 45.Kxa5 Kc7 46.Rg5 Kc6 47.Rg6+ Kb7 48.g4 hxg4 49.Rxg4 Rf3
50.Rg5 Kc6 51.h5 Rh3 52.Ka6  1-0

[Event "Chess.com GM Challenge"]
[Site "Tonto Village USA"]
[Date "2011.06.05"]
[Round "3"]
[White "Pruess,D"]
[Black "Yermolinsky,A"]
[Result "1-0"]
[WhiteElo "2358"]
[BlackElo "2530"]

1.e4 c6 2.d4 d5 3.e5 Bf5 4.Nc3 Qb6 5.Nf3 e6 6.Be2 Ne7 7.O-O h6 8.Na4 Qc7
9.b3 Nd7 10.Ba3 Ng6 11.Bxf8 Rxf8 12.Qd2 f6 13.exf6 Nxf6 14.Nc5 Ne4 15.Qe3 Nxc5
16.dxc5 e5 17.Nd4 Qe7 18.Nxf5 Rxf5 19.c4 Nf4 20.cxd5 cxd5 21.Rfe1 Nxe2+ 22.Rxe2 Kf8
23.h3 Rd8 24.b4 Qf7 25.Rae1 Re8 26.b5 Qg6 27.Qa3  1-0

[Event "Chess.com GM Challenge"]
[Site "Tonto Village USA"]
[Date "2011.06.05"]
[Round "4"]
[White "Yermolinsky,A"]
[Black "Rensch,D"]
[Result "1-0"]
[WhiteElo "2530"]
[BlackElo "2406"]

1.d4 Nf6 2.c4 e6 3.Nc3 Bb4 4.Qc2 O-O 5.Bg5 h6 6.Bh4 c5 7.dxc5 Nc6 8.Nf3 Bxc5
9.e3 b6 10.Be2 Bb7 11.O-O Be7 12.Rad1 Rc8 13.Rd2 Na5 14.b3 d5 15.Qb2 Qe8
16.cxd5 exd5 17.Rc2 Ne4 18.Bxe7 Qxe7 19.Nd4 Qf6 20.Nxe4 dxe4 21.Rfc1 Nc6
22.Nxc6 Qxb2 23.Rxb2 Bxc6 24.Rbc2 Bd7 25.Ba6 Rxc2 26.Rxc2 Rd8 27.Kf1 Bg4
28.Be2 Bxe2+ 29.Kxe2 Rd7 30.g4 g6 31.h4 Kg7 32.Rc6 Rd5 33.Rc4 Re5 34.Kd2 Kf6
35.Rc7 Ra5 36.a4 h5 37.gxh5 gxh5 38.Kc3 Rc5+ 39.Rxc5 bxc5 40.Kc4 Kf5 41.Kxc5 Kg4
42.b4 Kxh4 43.b5 Kg4 44.a5 h4 45.b6 axb6+ 46.axb6 h3 47.b7 h2 48.b8=Q h1=Q
49.Qf4+ Kh5 50.Qxf7+ Kg5 51.Qf4+ Kg6 52.Kd5 Qd1+ 53.Kxe4 Qb1+ 54.Kf3 Qh1+
55.Ke2  1-0

[Event "Chicago Open 2013"]
[Site "Wheeling USA"]
[Date "2013.05.27"]
[Round "8.5"]
[White "Yermolinsky,A"]
[Black "Holt,C"]
[Result "1/2-1/2"]
[WhiteElo "2498"]
[BlackElo "2513"]

1.e4 e6 2.d4 d5 3.Nc3 Bb4 4.exd5 exd5 5.Bd3 Nf6 6.Ne2 O-O 7.O-O Re8 8.a3 Ba5
9.h3 Nbd7 10.Bf4 Nf8 11.b4 Bb6 12.Na4 Ng6 13.Bg3 Ne4 14.Bxe4 Rxe4 15.Nc5 Re8
16.a4 a5 17.b5 Qe7 18.Re1 c6 19.bxc6 bxc6 20.Nf4 Qxe1+ 21.Qxe1 Rxe1+ 22.Rxe1 Bf5
23.Nfd3 Nf8 24.Rb1 Bxc5 25.Nxc5 Bxc2 26.Rb2 Bf5 27.Rb6 Ne6 28.Nxe6 Bxe6  1/2-1/2

[Event "SPICE Cup Open 2013"]
[Site "St Louis USA"]
[Date "2013.10.15"]
[Round "1.10"]
[White "Yermolinsky,A"]
[Black "Colas,Joshua"]
[Result "1-0"]
[WhiteElo "2516"]
[BlackElo "2242"]

1.Nf3 Nf6 2.c4 e6 3.Nc3 d5 4.d4 Be7 5.Bg5 O-O 6.e3 Nbd7 7.Rc1 a6 8.cxd5 exd5
9.Bd3 c6 10.Qc2 Re8 11.O-O h6 12.Bf4 b5 13.e4 b4 14.Nxd5 Bb7 15.Bc7 Qc8 16.Nxe7+ Rxe7
17.Bd6 Re8 18.Bxb4 a5 19.Bd6 Ba6 20.Ne5 Nxe5 21.Bxe5 Nd7 22.Bg3 Qb7 23.b3 Bxd3
24.Qxd3 a4 25.f3 axb3 26.Qxb3 Qa7 27.Rfd1 Rec8 28.Rc2 c5 29.dxc5 Nxc5 30.Qe3 Rc6
31.Bf2 Rac8 32.Rdc1 Qd7 33.Qd4 Rd6 34.Qa1  1-0

[Event "SPICE Cup Open 2013"]
[Site "St Louis USA"]
[Date "2013.10.16"]
[Round "2.6"]
[White "Banawa,Joe"]
[Black "Yermolinsky,A"]
[Result "1/2-1/2"]
[WhiteElo "2367"]
[BlackElo "2516"]

1.d4 Nf6 2.Nf3 g6 3.Bf4 Bg7 4.e3 d6 5.Be2 Nh5 6.Bg5 h6 7.Bh4 g5 8.Nfd2 Nf4
9.exf4 gxh4 10.c3 c5 11.Bb5+ Kf8 12.dxc5 dxc5 13.Qh5 Qc7 14.g3 hxg3 15.hxg3 Nd7
16.Bc4 e6 17.a4 b6 18.Na3 Bb7 19.Rh2 a6 20.Qe2 Qc6 21.Nc2 Nf6 22.Ne3 h5 23.Rh4 Rh6  1/2-1/2

[Event "SPICE Cup Open 2013"]
[Site "St Louis USA"]
[Date "2013.10.16"]
[Round "3.4"]
[White "Yermolinsky,A"]
[Black "Kavutskiy,K"]
[Result "1-0"]
[WhiteElo "2516"]
[BlackElo "2272"]

1.Nf3 Nf6 2.c4 b6 3.Nc3 Bb7 4.d4 e6 5.a3 d5 6.cxd5 Nxd5 7.e3 Be7 8.Bb5+ c6
9.Bd3 O-O 10.Qc2 h6 11.e4 Nxc3 12.bxc3 c5 13.O-O Qc7 14.Qe2 Nd7 15.Be3 c4
16.Bc2 b5 17.Rfb1 Nf6 18.Bd2 a6 19.a4 Qb6 20.Ne5 Qd8 21.h3 Qc8 22.Bf4 Rd8
23.Qe3 Bd6 24.Bg3 Be7 25.Bh4 Nd5 26.exd5 Bxh4 27.Qe4 Bf6 28.Qh7+ Kf8 29.dxe6 fxe6
30.Re1 b4 31.Ng4 Bg5 32.Bg6 bxc3 33.Qh8+ Ke7 34.Qxg7+ Kd6 35.Qe5+ Ke7 36.Qg7+ Kd6
37.Nxh6 Bxh6 38.Qxh6 Rg8 39.Qf4+ Ke7 40.Qf7+  1-0

[Event "SPICE Cup Open 2013"]
[Site "St Louis USA"]
[Date "2013.10.19"]
[Round "8.3"]
[White "Troff,Kayden W"]
[Black "Yermolinsky,A"]
[Result "1/2-1/2"]
[WhiteElo "2431"]
[BlackElo "2516"]

1.d4 Nf6 2.c4 e6 3.g3 Bb4+ 4.Bd2 c5 5.Bxb4 cxb4 6.Bg2 O-O 7.e4 d6 8.Ne2 e5
9.O-O Re8 10.a3 bxa3 11.Rxa3 Nc6 12.Nbc3 b6 13.Qd2 a5 14.Rd1 Ba6 15.Ra4 Rc8
16.b3 Nb4 17.Nc1 Bb7  1/2-1/2